Una canción en la madrugada

Сохранить в:
Библиографические подробности
Главный автор: Duncan, Quince
Формат:
Язык:Undetermined
Опубликовано: San José, Costa Rica Editorial Costa Rica 1970
Предметы:
Метки: Добавить метку
Нет меток, Требуется 1-ая метка записи!

MARC

LEADER 00000nam a2200000Ia 4500
008 170316s9999 xx 000 0 und d
040 |a cru BVZT 
090 |a 868 D-15u 
100 |a Duncan, Quince 
245 |a Una canción en la madrugada 
260 |a San José, Costa Rica 
260 |b Editorial Costa Rica 
260 |c 1970 
300 |a 81 páginas 
650 |a LITERATURA COSTARRICENSE 
999 |c 10929  |d 10929 
942 |c 15 D  |h 868 D-15u  |2 z